[Event "Niedersachsen-ch Seniors 49th"]
[Site "Wesel Undeloh"]
[Date "2015.07.24"]
[Round "6"]
[White "Adibekian, Roubik"]
[Black "Piehl, Reinhard"]
[Result "0-1"]
[WhiteElo "2055"]
[BlackElo "1819"]
[PlyCount "62"]
[EventDate "2015.07.19"]
[EventType "swiss"]
[EventRounds "7"]
[EventCountry "GER"]
[SourceTitle "EXT 2018"]
[Source "ChessBase"]
[SourceDate "2017.10.13"]
[SourceVersion "1"]
[SourceVersionDate "2017.10.13"]
[SourceQuality "1"]

1. d4 d5 2. Nf3 Nf6 3. c4 c6 4. g3 e6 5. Bg2 Bd6 6. Qc2 dxc4 7. Qxc4 Nbd7 8. 0-0 0-0 9. Nc3 e5 10. Rd1 Qe7 11. a4 Nb6 12. Qb3 e4 13. Ng5 Bf5 14. h4 h6 15. Nh3 Nbd5 16. Nxd5 Nxd5 17. e3 g5 18. hxg5 hxg5 19. Rf1 Bg4 20. Kh2 Kg7 21. f3 Bxh3 22. Bxh3 Rh8 23. Kg2 exf3+ 24. Rxf3 Rxh3 25. Kxh3 Qe4 26. Qxb7 Rh8+ 27. Kg2 Nf6 28. Bd2 g4 29. Raf1 gxf3+ 30. Rxf3 Rh2+ 31. Kxh2 Qxf3 0-1

[Event "Niedersachsen-ch Seniors 47th"]
[Site "Sottrum"]
[Date "2013.03.14"]
[Round "7"]
[White "Montag, Gottfried"]
[Black "Piehl, Reinhard"]
[Result "1/2-1/2"]
[WhiteElo "1774"]
[BlackElo "1961"]
[PlyCount "107"]
[EventDate "2013.03.09"]
[EventType "swiss"]
[EventRounds "7"]
[EventCountry "GER"]
[SourceTitle "EXT 2023"]
[Source "ChessBase"]
[SourceDate "2022.10.05"]
[SourceVersion "1"]
[SourceVersionDate "2022.10.05"]
[SourceQuality "1"]

1. e4 c5 2. Nf3 d6 3. c3 Nf6 4. Be2 Nc6 5. Qc2 Bd7 6. d3 g6 7. 0-0 Bg7 8. Nbd2 0-0 9. Nc4 b5 10. Ne3 Rc8 11. Bd2 h6 12. h3 Kh7 13. Rac1 Nh5 14. Nd5 f5 15. Nh2 Nf6 16. Nxf6+ Bxf6 17. Nf3 e5 18. Nh2 Be6 19. Qb1 Rc7 20. f4 exf4 21. Bxf4 Ne5 22. Nf3 g5 23. Bxe5 dxe5 24. exf5 Bxf5 25. Rcd1 Qc8 26. Nh2 Bg6 27. Bg4 Qe8 28. Bf5 Bxf5 29. Rxf5 Qg6 30. Rdf1 Rcf7 31. Qd1 Bg7 32. Rxf7 Rxf7 33. Rxf7 Qxf7 34. a3 Qf4 35. Qe2 Kg6 36. Qe4+ Qxe4 37. dxe4 c4 38. g4 Bf8 39. Nf3 Kf6 40. Kf1 a5 41. Ke2 Bd6 42. Kd1 Ke6 43. Kc2 Kd7 44. Nd2 Kc6 45. Nf1 Bc5 46. Ng3 b4 47. axb4 axb4 48. cxb4 Bxb4 49. Nf5 Bf8 50. Kc3 Kb5 51. Ne3 Bb4+ 52. Kc2 Kc5 53. Nf5 Ba5 54. Kc1 1/2-1/2

[Event "Niedersachsen-ch Seniors 42th"]
[Site "Sottrum"]
[Date "2008.04.11"]
[Round "2"]
[White "Piehl, Reinhard"]
[Black "Kienel, Norbert"]
[Result "1-0"]
[WhiteElo "1747"]
[BlackElo "1614"]
[PlyCount "61"]
[EventDate "2008.04.10"]
[EventType "swiss"]
[EventRounds "9"]
[EventCountry "GER"]
[SourceTitle "EXT 2022"]
[Source "ChessBase"]
[SourceDate "2021.10.06"]
[SourceVersion "1"]
[SourceVersionDate "2021.10.06"]
[SourceQuality "1"]

1. d4 Nf6 2. c4 e6 3. Nc3 d5 4. Nf3 c6 5. e3 Bd6 6. Bd3 0-0 7. 0-0 Nbd7 8. Qe2 dxc4 9. Bxc4 a6 10. Rd1 Qe7 11. e4 e5 12. Bg5 exd4 13. Rxd4 Ne5 14. Rad1 Nxf3+ 15. Qxf3 Bxh2+ 16. Kh1 Be5 17. R4d3 Qc7 18. Qe2 h6 19. Bh4 g5 20. Bg3 Bg4 21. f3 Bxg3 22. fxg4 Qf4 23. Rf1 Qe5 24. Rf5 Qe7 25. Rxg3 b5 26. Bd3 Rad8 27. e5 Nd5 28. Nxd5 Rxd5 29. Be4 Rxe5 30. Rxe5 Qd6 31. Rd3 1-0

[Event "Niedersachsen-ch Seniors 41st"]
[Site "Sottrum"]
[Date "2007.03.26"]
[Round "5"]
[White "Schallueck, Hans Christian"]
[Black "Piehl, Reinhard"]
[Result "1/2-1/2"]
[WhiteElo "1621"]
[BlackElo "1786"]
[PlyCount "25"]
[EventDate "2007.03.22"]
[EventType "swiss"]
[EventRounds "9"]
[EventCountry "GER"]
[SourceTitle "EXT 2022"]
[Source "ChessBase"]
[SourceDate "2021.10.06"]
[SourceVersion "1"]
[SourceVersionDate "2021.10.06"]
[SourceQuality "1"]

1. e4 e6 2. d4 d5 3. exd5 exd5 4. Bd3 Bd6 5. Ne2 Ne7 6. Bf4 0-0 7. c3 Bxf4 8. Nxf4 Re8 9. 0-0 Bf5 10. Bxf5 Nxf5 11. Re1 Rxe1+ 12. Qxe1 Nc6 13. Nd2 1/2-1/2